[Event "TUR-chT 2nd League"]
[Site "Denizli"]
[Date "2023.07.15"]
[Round "9.72"]
[White "Albayrak, Kenan"]
[Black "Maden, Mirac Kerem"]
[Result "1-0"]
[WhiteElo "1895"]
[BlackElo "2119"]
[PlyCount "57"]
[EventDate "2023.07.09"]
[EventType "team-swiss"]
[EventRounds "9"]
[EventCountry "TUR"]
[SourceTitle "CBM 215 Extra"]
[Source "ChessBase"]
[SourceDate "2023.09.30"]
[SourceVersion "1"]
[SourceVersionDate "2023.09.30"]
[SourceQuality "1"]
[WhiteTeam "Sisli"]
[BlackTeam "Manisa Turkuaz"]
[WhiteTeamCountry "TUR"]
[BlackTeamCountry "TUR"]

1. d4 Nf6 2. Nf3 e6 3. b3 d5 4. Bb2 Bd6 5. e3 0-0 6. Bd3 Nbd7 7. Nbd2 c6 8. Ne5 Qc7 9. f4 Ne8 10. 0-0 g6 11. Qg4 Ng7 12. Qh3 Re8 13. Ndf3 f5 14. Ng5 Nf6 15. a4 Rf8 16. Ba3 Nge8 17. Qh4 b6 18. Rf3 Bb7 19. Nxe6 Qe7 20. Bxd6 Nxd6 21. Nxf8 Rxf8 22. a5 b5 23. a6 Bc8 24. Nxc6 Qc7 25. Ne5 Qb6 26. Rh3 Bxa6 27. g4 fxg4 28. Nd7 Qd8 29. Nxf6+ 1-0

[Event "TUR-chT 2nd League"]
[Site "Denizli"]
[Date "2023.07.09"]
[Round "1.122"]
[White "Albayrak, Kenan"]
[Black "Oztekin, Ahmet"]
[Result "0-1"]
[WhiteElo "1895"]
[BlackElo "1774"]
[PlyCount "119"]
[EventDate "2023.07.09"]
[EventType "team-swiss"]
[EventRounds "9"]
[EventCountry "TUR"]
[SourceTitle "CBM 215 Extra"]
[Source "ChessBase"]
[SourceDate "2023.09.30"]
[SourceVersion "1"]
[SourceVersionDate "2023.09.30"]
[SourceQuality "1"]
[WhiteTeam "Sisli"]
[BlackTeam "Bitlis Ihtisas Egitim"]
[WhiteTeamCountry "TUR"]
[BlackTeamCountry "TUR"]

1. Nf3 d5 2. d4 Nf6 3. e3 Bg4 4. b3 Nbd7 5. Bb2 e6 6. Be2 Bd6 7. Nbd2 c6 8. 0-0 Qc7 9. h3 Bh5 10. c4 0-0 11. Rc1 Rfe8 12. Re1 a5 13. a3 h6 14. c5 Bf8 15. b4 b5 16. Ne5 Bxe2 17. Rxe2 axb4 18. axb4 Ra2 19. Nb3 Ra4 20. Qe1 Rea8 21. Ra1 g6 22. Nd3 Bg7 23. Rxa4 Rxa4 24. Na5 Ne4 25. Rc2 e5 26. f3 exd4 27. Bxd4 Ng5 28. Bxg7 Kxg7 29. h4 Ne6 30. Nb2 Ra2 31. Nb3 Nf6 32. Re2 Ra3 33. Nd4 Nxd4 34. exd4 Qf4 35. Rd2 Ra2 36. Qf2 Nh5 37. g4 Nf6 38. Kg2 h5 39. g5 Nh7 40. Re2 Qf5 41. Qe3 Nf8 42. Nd3 Rxe2+ 43. Qxe2 Ne6 44. Qe5+ Qxe5 45. dxe5 Kf8 46. Kg3 Ke7 47. Ne1 Nd4 48. f4 Ke6 49. Kf2 Nf5 50. Ng2 d4 51. Ke2 Ne7 52. Kd3 Nd5 53. Kxd4 Nxb4 54. Ne3 Na6 55. f5+ gxf5 56. Ng2 Nc7 57. Nf4+ Ke7 58. Nxh5 Ne6+ 59. Ke3 b4 60. Ng7 0-1